000 00408nam a22001697a 4500
003 MPLRDC
005 20220104124849.0
008 210129b ||||| |||| 00| 0 eng d
082 _a348 ASI
100 _aI.阿西莫夫
245 _a生命和能
_c黄渝生译
250 _a一版一刷
260 _a
_b科学普及出版社
_c1981
300 _b
650 _a物理化学
942 _cBK
_o348 ASI
999 _c22757
_d22747